Economie rurale /
Guardado en:
| Autor Principal: | |
|---|---|
| Formato: | Libro |
| Idioma: | French |
| Publicado: |
Paris :
Génin,
1957.
|
| Etiquetas: |
Agregar Etiqueta
Sin Etiquetas, Sea el primero en etiquetar este registro!
|
| LEADER | 00393nam a22001455a 4500 | ||
|---|---|---|---|
| 001 | EUN.um040713 | ||
| 003 | AR-BaUNS | ||
| 005 | 20050623122912.0 | ||
| 008 | 041125s1957####fr############000#0#fre#d | ||
| 245 | 1 | 0 | |a Economie rurale / |c Pierre Fromont. |
| 260 | |a Paris : |b Génin, |c 1957. | ||
| 300 | |a 522 p. | ||
| 100 | 1 | |a Fromont, Pierre. | |
| 082 | 0 | 4 | |a 631 |
| 859 | |a Ar-BaUNS |b BIB. CENTRAL - Sector C |h 631 |i F927-1 |p 169/960 | ||
